हिन्दु मुस्लिम सांस्कृतिक एकता का इतिहास (उतर मुग़ल काल) (Record no. 365622)

MARC details
000 -LEADER
fixed length control field 00846nam a2200241Ia 4500
003 - CONTROL NUMBER IDENTIFIER
control field OSt
005 - DATE AND TIME OF LATEST TRANSACTION
control field 20220923223459.0
008 - FIXED-LENGTH DATA ELEMENTS--GENERAL INFORMATION
fixed length control field 220922b |||||||| |||| 00| 0 hin d
037 ## - SOURCE OF ACQUISITION
Terms of availability Textual
040 ## - CATALOGING SOURCE
Original cataloging agency ARTS
Transcribing agency ARTS
Language of cataloging hin
041 ## - LANGUAGE CODE
Source of code hin
Language code of text/sound track or separate title hin
100 ## - MAIN ENTRY--PERSONAL NAME
Personal name रामफल सिंह
245 #0 - TITLE STATEMENT
Title हिन्दु मुस्लिम सांस्कृतिक एकता का इतिहास (उतर मुग़ल काल)
246 ## - VARYING FORM OF TITLE
Title proper/short title Hindu muslim sāanskṛutik ekatā kā itihās (utar muग़l kāla)
260 ## - PUBLICATION, DISTRIBUTION, ETC.
Place of publication, distribution, etc. दिल्ली
Name of publisher, distributor, etc. राज
Date of publication, distribution, etc. 1992
300 ## - PHYSICAL DESCRIPTION
Extent 320i`
Dimensions cm.
942 ## - ADDED ENTRY ELEMENTS (KOHA)
Classification part Y73(Q20j7), 152M7.3
Koha item type Textual
Source of classification or shelving scheme Colon Classification (CC)

No items available.

Copyright @ Delhi University Library System